| 000 | 00833nam a2200217 a 4500 | ||
|---|---|---|---|
| 008 | 071022s1998 ||||||||||||||||| || u | ||
| 020 | _a0821341626 | ||
| 050 | _aIBRD(06)RSS/1998/1 | ||
| 100 | _aGlewwe, Paul | ||
| 245 | 1 | 0 |
_aHousehold welfare and vietnam's transition _cEdited by Dollar David, Paul Glewwe and Jennie Litvack |
| 260 |
_aWashington, D. C. _bWorld Bank _c1998 |
||
| 300 | _axvii, 300p.:ill. | ||
| 350 | _a0.00 | ||
| 490 | _aWorld Bank Regional and Sectoral Studies | ||
| 650 | _aVIETNAM--ECONOMIC POLICY | ||
| 650 | _aPOVERTY--VIETNAM | ||
| 650 | 0 | _aHOUSEHOLDS--ECONOMIC ASPECTS--VIETNAM | |
| 700 | _aLitvack, Jennie | ||
| 700 | _aDollar, David | ||
| 995 |
_D0.00 _FCBU-MAIN LIBRARY (Kitwe) _H1 _I0.00 _M1 _UAVAILABLE _WDec 7, 2007 _ZInternational Publications |
||
| 999 |
_c45711 _d45711 |
||